000 00239nam a22000977a 4500
005 20251104112632.0
100 _aSatheesh Chandran, M.G.
245 _aChila jaalakakkazhchakal. 2.
260 _bRubber, 713(October): 16-18.
_c2025
942 _cJS
999 _c75751
_d75751